Obiektowe bazy danych do komputerowego wspomagania prac zespolowych
Salvato in:
| Autore principale: | |
|---|---|
| Natura: | Libro |
| Lingua: | polacco |
| Pubblicazione: |
Poznan
Wydawnictwo Akademii Ekonomicznej w Poznaniu
1999
|
| Serie: | Zeszyty naukowe: Seria 2
Prace habilitacyjne. Zeszyt 154 |
| Soggetti: | |
| Tags: |
Nessun Tag, puoi essere il primo ad aggiungerne!!
|
MARC
| LEADER | 00000nam a2200000 4500 | ||
|---|---|---|---|
| 001 | c122805 | ||
| 005 | 20221221084526.8 | ||
| 022 | |a 1230-6673 | ||
| 041 | 0 | |a pol | |
| 044 | |a PL | ||
| 245 | 1 | 0 | |a Obiektowe bazy danych do komputerowego wspomagania prac zespolowych |c Waldemar Wieczerzycki |
| 264 | 1 | |a Poznan |b Wydawnictwo Akademii Ekonomicznej w Poznaniu |c 1999 | |
| 300 | |a 183 s. | ||
| 490 | 1 | |a Zeszyty naukowe: Seria 2 |v Prace habilitacyjne. Zeszyt 154 | |
| 830 | 0 | |a Zeszyty naukowe: Seria 2 |v Prace habilitacyjne. Zeszyt 154 | |
| 610 | 2 | 0 | |a využitie počítačov |
| 610 | 2 | 0 | |a práca kolektívna |
| 610 | 2 | 0 | |a kooperácia |
| 610 | 2 | 0 | |a báza dát |
| 610 | 2 | 0 | |a spracovanie dát automatické |
| 610 | 2 | 0 | |a systémy počítačové |
| 610 | 2 | 0 | |a klasifikácia |
| 610 | 2 | 0 | |a modely |
| 610 | 2 | 0 | |a jazyky programovacie |
| 100 | 1 | |a Wieczerzycki, Waldemar | |